Algebra intermedia / (Record no. 124252)

MARC details
000 -LEADER
campo de control de longitud fija 00656nam a2200205 4500
001 - NÚMERO DE CONTROL
campo de control 124252
003 - IDENTIFICADOR DE NÚMERO DE CONTROL
campo de control ES-MaACL
005 - FECHA Y HORA DE LA ÚLTIMA TRANSACCIÓN
campo de control 20230906192344.0
007 - CAMPO FIJO DE DESCRIPCIÓN FÍSICA--INFORMACIÓN GENERAL
campo de control de longitud fija t|
008 - DATOS DE LONGITUD FIJA--INFORMACIÓN GENERAL
campo de control de longitud fija 070214s1966 sp r ||||1| spa d
100 1# - ENTRADA PRINCIPAL--NOMBRE DE PERSONA
Nombre de persona Rees, Paul K.
9 (RLIN) 95852
245 10 - MENCIÓN DEL TÍTULO
Título Algebra intermedia /
Mención de responsabilidad, etc. Paul K. Rees, Fred W. Sparks ; traducción y adaptación Manuel Lansac Samper, Tomás Gómez de Dios.
250 ## - MENCION DE EDICION
Mención de edición 3ª ed.
260 ## - PUBLICACIÓN, DISTRIBUCIÓN, ETC.
Lugar de publicación, distribución, etc. Madrid :
Nombre del editor, distribuidor, etc. Del Castillo,
Fecha de publicación, distribución, etc. 1966.
300 ## - DESCRIPCIÓN FÍSICA
Extensión 340 p. ;
Dimensiones 24 cm.
700 1# - ENTRADA AGREGADA--NOMBRE PERSONAL
Nombre de persona Sparks, Fred W.
9 (RLIN) 107644
700 1# - ENTRADA AGREGADA--NOMBRE PERSONAL
Nombre de persona Lansac Samper, Manuel.
9 (RLIN) 70093
700 1# - ENTRADA AGREGADA--NOMBRE PERSONAL
Nombre de persona Gómez de Dios, Tomás.
9 (RLIN) 57891
852 ## - LOCALIZACIÓN
Ubicación ES-MaACL
Número de control de estantería C-31557
Sublocalización o colección R.61504
Holdings
Estatus retirado Estado de pérdida Estado de daño No para préstamo Biblioteca de origen Biblioteca actual Ubicación en estantería Fecha de adquisición Fuente de adquisición Total de préstamos Signatura topográfica completa Código de barras Visto por última vez Precio de reemplazo Tipo de ítem Koha
        Biblioteca del Ateneo de Madrid Biblioteca del Ateneo de Madrid Depósito 2 17/01/2008     C-31557 1129446 23/02/2023 23/02/2023 Libro impreso